00293nam a2200097Ia 4500008004100000082001500041100001700056245006700073260004600140300000900186210430s9999 xx 000 0 und d a323G4111 B aP.R. Ghandhi aBlackstones International Human Rights DocumentscP.R. Ghandhi aIslamabadbNational Book foundationc2000 a415p